000 004380000a22001690004500
003 LK-CoMWRAF
008 230817t2000 ||||| |||| 00| 0 eng d
020 _a9556250107
040 _aLK-CoMWRAF
_dLK-CoMWRAF
_eLK-CoMWRAF
041 _aeng
082 _a750
_bHAS
245 _aIlangaiyil Muslim Kalvi
_bPenkalviyum Uyarkalviyum
260 _aColombo
_bMWRAF
_c2000
300 _ap.210
650 _aMuslim education in Sri Lanka
942 _cBK
999 _c41
_d41